Quick Pick: US Presidents IV Quiz Stats

 Plays Quiz not verified by Sporcle

Support Sporcle.
Go Orange.
Score 0/10 Timer 00:30
1 Play Today
% Correct
Bush, George H.W.
99.5%
Roosevelt, Theodore
99.1%
Coolidge, Calvin
98.6%
Adams, John Quincy
98.6%
Garfield, James
98.5%
Eisenhower, Dwight D.
98.3%
Johnson, Andrew
97.1%
Harrison, William Henry
96.2%
Madison, James
95.9%
Hayes, Rutherford
95.4%

You're not logged in!

Compare scores with friends on all Sporcle quizzes.
OR
Log In

From the Vault

NBA Yearly Minutes per Game Leaders

by MechaSnoopy

Even in the big leagues, they keep track of how much play time you get.
Remove Ads.
Support Sporcle.
Get the best of Sporcle when you Go Orange. This ad-free experience offers more features, more stats, and more fun while also helping to support Sporcle. Thank you for becoming a member.

Show Comments

Extras

Top Quizzes Today


Score Distribution

Your Account Isn't Verified!

In order to create a playlist on Sporcle, you need to verify the email address you used during registration. Go to your Sporcle Settings to finish the process.

Report this User

Report this user for behavior that violates our Community Guidelines.

Details: